Geography Quiz

Random Geography or City Quiz
Score 0/21 Timer 08:00
0 Plays Today
Rank City % Correct
1Little Rock
99.3%
3Fayetteville
90.4%
2Fort Smith
85.3%
13Texarkana
76.9%
14Benton
76.1%
5Jonesboro
75.8%
10Hot Springs
75.3%
6North Little Rock
74.7%
9Pine Bluff
70.4%
4Springdale
69.7%
7Conway
69.1%
Rank City % Correct
15West Memphis
69.1%
11Bentonville
67.7%
8Rogers
65.4%
16Russellville
44.9%
12Jacksonville
43.7%
21Searcy
42.4%
19Cabot
36.2%
20Van Buren
34%
18Sherwood
28%
17Paragould
27.1%
Remove Ads.
Support Sporcle.
Get the best of Sporcle when you Go Orange. This ad-free experience offers more features, more stats, and more fun while also helping to support Sporcle. Thank you for becoming a member.

You're not logged in!

Compare scores with friends on all Sporcle quizzes.
OR
Log In

Show Comments

Extras

Top Quizzes Today


Score Distribution

Your Account Isn't Verified!

In order to create a playlist on Sporcle, you need to verify the email address you used during registration. Go to your Sporcle Settings to finish the process.

Report this User

Report this user for behavior that violates our Community Guidelines.

Details: